<?xml version="1.0" encoding="UTF-8"?>
<record
    xmlns:xsi="http://www.w3.org/2001/XMLSchema-instance"
    xsi:schemaLocation="http://www.loc.gov/MARC21/slim http://www.loc.gov/standards/marcxml/schema/MARC21slim.xsd"
    xmlns="http://www.loc.gov/MARC21/slim">

  <leader>01747pab a2200205 454500</leader>
  <controlfield tag="008">180718b2013   xxu||||| |||| 00| 0 eng d</controlfield>
  <datafield tag="100" ind1=" " ind2=" ">
    <subfield code="a">Masud, Jariah</subfield>
  </datafield>
  <datafield tag="245" ind1=" " ind2=" ">
    <subfield code="a">Gender, poverty and fishing communities in Malaysia</subfield>
  </datafield>
  <datafield tag="260" ind1=" " ind2=" ">
    <subfield code="c">2013</subfield>
  </datafield>
  <datafield tag="300" ind1=" " ind2=" ">
    <subfield code="a">p.29-36.</subfield>
  </datafield>
  <datafield tag="362" ind1=" " ind2=" ">
    <subfield code="a">Jan-Jun</subfield>
  </datafield>
  <datafield tag="520" ind1=" " ind2=" ">
    <subfield code="a">In discussing gender issues, the topic of poverty inevitably arises. Men are perceived as tough and hardworking and in control of their environment whereas women are caring, nurturing and expected to be there for children as well as extending their caring role beyond the home. Fishing activities are perceived as only for men. Will a household with more men be at greater risk of poverty if they are injured or not able to work? Will a household with more women also suffer poverty because they may not be able to do fishing related activities? This paper used part of the data collected in 2007 from three Malaysian districts with among the lowest rates of poverty. Household income data were collected only from thosehouseholds involved in open sea fishing or aquaculture activities. A list of poor or hardcore poor households was obtained from the Malaysia Department of Social Welfare. The findings showed an average of eight persons in each household, with an equal distribution between males and females. These findings suggest that collaboration between male and female family members of developing downstream activities to empower female folk in fishing communities such as food processing for fish-based product. - Reproduced.</subfield>
  </datafield>
  <datafield tag="650" ind1=" " ind2=" ">
    <subfield code="a">Women - Malaysia</subfield>
  </datafield>
  <datafield tag="650" ind1=" " ind2=" ">
    <subfield code="a">Poverty - Malaysia</subfield>
  </datafield>
  <datafield tag="650" ind1=" " ind2=" ">
    <subfield code="a">Fisheries - Malaysia</subfield>
  </datafield>
  <datafield tag="650" ind1=" " ind2=" ">
    <subfield code="a">Fisheries</subfield>
  </datafield>
  <datafield tag="773" ind1=" " ind2=" ">
    <subfield code="a">Journal of Rural Development</subfield>
  </datafield>
  <datafield tag="908" ind1=" " ind2=" ">
    <subfield code="a">N</subfield>
  </datafield>
  <datafield tag="909" ind1=" " ind2=" ">
    <subfield code="a">100921</subfield>
  </datafield>
  <datafield tag="999" ind1=" " ind2=" ">
    <subfield code="c">100920</subfield>
    <subfield code="d">100920</subfield>
  </datafield>
  <datafield tag="952" ind1=" " ind2=" ">
    <subfield code="0">0</subfield>
    <subfield code="1">0</subfield>
    <subfield code="4">0</subfield>
    <subfield code="7">0</subfield>
    <subfield code="a">IIPA</subfield>
    <subfield code="b">IIPA</subfield>
    <subfield code="d">2018-07-19</subfield>
    <subfield code="h">Volume no: 46, Issue no: 1</subfield>
    <subfield code="p">AR101381</subfield>
    <subfield code="r">2018-07-19</subfield>
    <subfield code="w">2018-07-19</subfield>
    <subfield code="y">AR</subfield>
  </datafield>
</record>
